000 00404nam a2200157Ia 4500
008 240729s9999 xx 000 0 und d
022 _a2472-0054
245 0 _aPediatric Quality & Safety
260 _aUnited States
260 _bWolters Kluwer
650 _a Pediatrics
650 _aMedicine
856 _uhttps://doaj.org/toc/8e2a413815fc4c2a8afc4230157177e2
942 _2ddc
942 _cDOAJEJ
999 _c65864
_d65864
945 _a1
_bMadushi Gamage
_c1
_dMadushi Gamage